Čtyři perspektivy procestního přístupu
Sedem zásad kvality riadenia v podniku. Pojem procesný prístup. Procesný prístup v systéme manažmentu. Hodnotový reťazec. Procesy v modeli excelence EFQM. Procesy v BSC. Perspektívy BSC ako súčasť modelu excelence EFQM. APQC ako rámec pre klasifikáciu procesov.
Gespeichert in:
| 1. Verfasser: | |
|---|---|
| Format: | Buchkapitel |
| Sprache: | Tschechisch |
| Schlagworte: | |
| Tags: |
Keine Tags, Fügen Sie das erste Tag hinzu!
|
MARC
| LEADER | 00000naa a2200000 4500 | ||
|---|---|---|---|
| 001 | 0248405 | ||
| 005 | 20221104112103.1 | ||
| 041 | 0 | |a cze | |
| 044 | |a CZ | ||
| 245 | 1 | 0 | |a Čtyři perspektivy procestního přístupu |c Libor Friedel |
| 520 | |a Sedem zásad kvality riadenia v podniku. Pojem procesný prístup. Procesný prístup v systéme manažmentu. Hodnotový reťazec. Procesy v modeli excelence EFQM. Procesy v BSC. Perspektívy BSC ako súčasť modelu excelence EFQM. APQC ako rámec pre klasifikáciu procesov. | ||
| 610 | 2 | 0 | |a riadenie podnikové |
| 610 | 2 | 0 | |a riadenie kvality |
| 610 | 2 | 0 | |a riadenie procesné |
| 610 | 2 | 0 | |a benchmarking |
| 100 | 1 | |a Friedel, Libor | |